Normal view
MARC view
- ABDUL WAHAB,AHMED,ARSLAN,NABEEL
Entry Personal Name
001 - CONTROL NUMBER
- control field: 72225
003 - CONTROL NUMBER IDENTIFIER
- control field: NUST
005 - DATE AND TIME OF LATEST TRANSACTION
- control field: 20210628204747.0
008 - FIXED-LENGTH DATA ELEMENTS
- fixed length control field: 210628|| aca||aabn | a|a d
040 ## - CATALOGING SOURCE
- Original cataloging agency: NUST
- Transcribing agency: NUST
100 ## - HEADING--PERSONAL NAME
- Personal name: ABDUL WAHAB,AHMED,ARSLAN,NABEEL
670 ## - SOURCE DATA FOUND
- Source citation: Work cat.: (NUST): ABDUL WAHAB,AHMED,ARSLAN,NABEEL, PR-SOF-1149-DESIGN AND FABRICATION OF A KIT TO CONVERT TEXTILE WEAVING SHUTTLE LOOMS INTO SHUTTLELESS LOOMS, 2012
